Piłkarze Reprezentacji Angoli - nagła śmierć - Statystyki

Ogólne statystyki
  • Ten quiz został rozwiązany 13 razy
  • Średni wynik to 3 z 10
Answers on the Grid
Answers color-coded by a green-red scale on the quiz's grid according to % correct below.
Geny Catamo
Randy Nteka
Pedro Obiang
Zito Luvumbo
M’Bala Nzola
Edmond Tapsoba
Manucho
Clinton Mata
Capita
Naby Keïta
Pedro Bondo
Bastos
Maurides
Mantorras
Mabululu
Bébé
 
Statystyki odpowiedzi
Odpowiedź % Poprawnych
Clinton Mata
58%
Bastos
50%
Mabululu
42%
Capita
33%
Manucho
17%
M’Bala Nzola
17%
Pedro Bondo
17%
Mantorras
8%
Randy Nteka
8%
Zito Luvumbo
8%
Nie znaleziono quizów pasujących do podanych kryteriów
Rozkład punktacji
Procent ludzi z każdym wynikiem
Percentyl według liczby udzielonych odpowiedzi
Twoja historia wyników
Nie rozwiązałeś tego quizu